000 00385nam a22001217a 4500
005 20250723174517.0
008 250723b |||||||| |||| 00| 0 eng d
050 _aREF BS185
_bHOL
245 _aTHE HOLY BIBLE ;
_bNEW INTERNATIONAL VERSION CONTAINING THE OLD TESTAMENT AND THE NEW TESTAMENT
260 _aMICHIGAN
_bZONDERVAN BIBLE PUBLISHERS
_cc1978
300 _a946p
942 _2lcc
_cBK
_n0
999 _c7127
_d7127